[Event "DOM-ch U20 Girls"]
[Site "Santo Domingo"]
[Date "2015.09.24"]
[Round "2"]
[White "Rosario Almanzar, Raydili"]
[Black "Quiroz Farias, Yelibeth"]
[Result "1-0"]
[WhiteElo "1655"]
[BlackElo "1767"]
[PlyCount "105"]
[EventDate "2015.09.24"]
[EventType "swiss"]
[EventRounds "6"]
[EventCountry "DOM"]
[SourceTitle "EXT 2017"]
[Source "ChessBase"]
[SourceDate "2016.10.25"]
[SourceVersion "1"]
[SourceVersionDate "2016.10.25"]
[SourceQuality "1"]

1. e4 e5 2. Nf3 Nc6 3. Bc4 Be7 4. d3 Nf6 5. Nc3 d6 6. h3 Bd7 7. Be3 Qc8 8. Nd5 h6 9. Nxe7 Nxe7 10. Qd2 b5 11. Bb3 a5 12. a4 b4 13. Nh2 Be6 14. Bxe6 Qxe6 15. 0-0 Ng6 16. f4 exf4 17. Bxf4 Nxf4 18. Qxf4 0-0 19. Qf5 c5 20. Qxe6 fxe6 21. Rae1 Nd7 22. Nf3 d5 23. exd5 exd5 24. Ne5 Rxf1+ 25. Kxf1 Rf8+ 26. Kg1 Re8 27. Nf3 Rxe1+ 28. Nxe1 Nb6 29. b3 c4 30. Kf2 Kf7 31. Ke3 Ke6 32. Nf3 g6 33. Kd4 cxb3 34. cxb3 Nd7 35. Ng1 Kd6 36. Ne2 Nc5 37. Nc1 Ne6+ 38. Ke3 Ke5 39. d4+ Kf5 40. Nd3 Nd8 41. Nf4 g5 42. Nxd5 Ke6 43. Ke4 Nf7 44. Nc7+ Kd7 45. Nb5 h5 46. Kf5 g4 47. h4 Nd6+ 48. Nxd6 Kxd6 49. Ke4 g3 50. d5 Kd7 51. Ke5 Ke7 52. d6+ Kd7 53. Kd5 1-0

[Event "DOM-ch (Women)"]
[Site "Santo Domingo"]
[Date "2015.06.07"]
[Round "4"]
[White "Rosario Almanzar, Raydili"]
[Black "Quiroz Farias, Yelibeth"]
[Result "1/2-1/2"]
[WhiteElo "1714"]
[BlackElo "1755"]
[PlyCount "114"]
[EventDate "2015.06.05"]
[EventType "swiss"]
[EventRounds "6"]
[EventCountry "DOM"]
[SourceTitle "CBM 167 Extra"]
[Source "ChessBase"]
[SourceDate "2015.09.14"]
[SourceVersion "1"]
[SourceVersionDate "2015.09.14"]
[SourceQuality "1"]

1. d4 Nf6 2. c4 e6 3. Nc3 Be7 4. Nf3 b6 5. Bg5 Bb7 6. e3 Nc6 7. a3 h6 8. Bh4 0-0 9. Bd3 Ne8 10. Bg3 Bf6 11. 0-0 Ne7 12. Ne4 Nf5 13. Nxf6+ Qxf6 14. Bxf5 Qxf5 15. Nd2 d5 16. cxd5 exd5 17. Rc1 c6 18. Nf3 Nf6 19. Qc2 Qxc2 20. Rxc2 Rfc8 21. Rfc1 Ne4 22. Ne5 c5 23. Nf3 Nxg3 24. hxg3 c4 25. Nh4 g6 26. Nf3 Kf8 27. Ne5 Ke7 28. Kf1 b5 29. Ke2 a5 30. Ra1 b4 31. a4 g5 32. Rh1 Rh8 33. Rh5 Bc8 34. Kd2 Bf5 35. Rc1 Bd7 36. Nxd7 Kxd7 37. Rch1 Rac8 38. Kc2 Rc6 39. Rxg5 hxg5 40. Rxh8 Ra6 41. Rh7 Rf6 42. f3 Ke7 43. Rh5 Rg6 44. g4 Rg8 45. Rh6 Ra8 46. g3 f6 47. Rh7+ Kd6 48. Rh6 Rf8 49. f4 gxf4 50. gxf4 Ke6 51. g5 Kf5 52. Rxf6+ Rxf6 53. gxf6 Kxf6 54. Kd2 Kf5 55. Kc1 Ke4 56. Kd2 Kf5 57. Kc2 Ke4 1/2-1/2

[Event "DOM-ch (Women)"]
[Site "Santo Domingo"]
[Date "2015.06.06"]
[Round "3"]
[White "Coronado Paulino, Karen Libell"]
[Black "Rosario Almanzar, Raydili"]
[Result "1-0"]
[WhiteElo "1673"]
[BlackElo "1714"]
[PlyCount "81"]
[EventDate "2015.06.05"]
[EventType "swiss"]
[EventRounds "6"]
[EventCountry "DOM"]
[SourceTitle "CBM 167 Extra"]
[Source "ChessBase"]
[SourceDate "2015.09.14"]
[SourceVersion "1"]
[SourceVersionDate "2015.09.14"]
[SourceQuality "1"]

1. e4 e5 2. Nf3 Nc6 3. Bc4 Bc5 4. 0-0 Nf6 5. d3 h6 6. Nc3 d6 7. h3 0-0 8. Re1 Be6 9. Bxe6 fxe6 10. Be3 Bxe3 11. Rxe3 Nh7 12. Nh2 Nd4 13. Ne2 Nxe2+ 14. Qxe2 Nf6 15. Rg3 Kh7 16. Rf1 Qe8 17. Rf3 Nd7 18. Rg3 Nf6 19. Rf3 Nd7 20. Rg3 Nf6 21. Qe3 Rf7 22. d4 exd4 23. Qxd4 e5 24. Qd3 Qc6 25. Re3 Raf8 26. Re2 Nh5 27. g3 Qb6 28. c3 g6 29. Kg2 Qc6 30. Ng4 g5 31. Ne3 Rf3 32. Qc2 R3f7 33. f3 Ng7 34. Ref2 Ne6 35. Rh1 Nc5 36. h4 Ne6 37. hxg5 Nxg5 38. Nf5 Rf6 39. Qd3 Qe8 40. Kf1 a6 41. Rfh2 1-0

[Event "DOM-ch (Women)"]
[Site "Santo Domingo"]
[Date "2015.06.06"]
[Round "2"]
[White "Rosario Almanzar, Raydili"]
[Black "Almanzar Vasquez, Jennifer Maria"]
[Result "1-0"]
[WhiteElo "1714"]
[BlackElo "1737"]
[PlyCount "69"]
[EventDate "2015.06.05"]
[EventType "swiss"]
[EventRounds "6"]
[EventCountry "DOM"]
[SourceTitle "CBM 167 Extra"]
[Source "ChessBase"]
[SourceDate "2015.09.14"]
[SourceVersion "1"]
[SourceVersionDate "2015.09.14"]
[SourceQuality "1"]

1. d4 Nf6 2. c4 e6 3. Nc3 Bb4 4. Bd2 b6 5. e3 Bb7 6. Nf3 d6 7. Qa4+ Nc6 8. d5 exd5 9. cxd5 Bxc3 10. Bxc3 Nxd5 11. Bxg7 Rg8 12. Qe4+ Nce7 13. Qxh7 Qd7 14. Rc1 Qg4 15. Bd4 c5 16. h3 Qd7 17. Bc3 Qa4 18. a3 Ba6 19. Bxa6 Qxa6 20. g3 0-0-0 21. Qxf7 Rdf8 22. Qe6+ Kc7 23. Nd2 Re8 24. Ne4 Rg6 25. Qf7 Rgg8 26. Rd1 Qc4 27. Nf6 Nxe3 28. Nxe8+ Rxe8 29. Qxe8 Qe4 30. Kd2 Nxd1 31. Rxd1 Qd5+ 32. Kc1 Qg5+ 33. Bd2 Qf6 34. Bf4 Nf5 35. Re1 1-0

[Event "DOM-ch (Women)"]
[Site "Santo Domingo"]
[Date "2015.03.07"]
[Round "2"]
[White "Adames Rojas, Ariella"]
[Black "Rosario Almanzar, Raydili"]
[Result "1-0"]
[WhiteElo "1750"]
[BlackElo "1714"]
[PlyCount "73"]
[EventDate "2015.03.06"]
[EventType "swiss"]
[EventRounds "8"]
[EventCountry "DOM"]
[SourceTitle "CBM 165 Extra"]
[Source "ChessBase"]
[SourceDate "2015.04.21"]
[SourceVersion "1"]
[SourceVersionDate "2015.04.21"]
[SourceQuality "1"]

1. d4 Nf6 2. c4 e6 3. Nc3 Bb4 4. Bg5 h6 5. Bh4 g5 6. Bg3 Ne4 7. Qc2 Bxc3+ 8. bxc3 Nxg3 9. hxg3 c5 10. d5 d6 11. Nf3 e5 12. e4 Nd7 13. Bd3 g4 14. Nh4 Nb6 15. Nf5 Bxf5 16. exf5 f6 17. Be2 Ke7 18. a4 a5 19. Rb1 h5 20. Rb5 Ra6 21. Qb3 Kd7 22. Bxg4 hxg4 23. Rxh8 Qxh8 24. Rxb6 Qh1+ 25. Ke2 Rxb6 26. Qxb6 Qxg2 27. Qxb7+ Ke8 28. Qc8+ Kf7 29. Qe6+ Kg7 30. Qe7+ Kg8 31. Qe8+ Kg7 32. Qg6+ Kh8 33. Qxf6+ Kg8 34. Qg6+ Kh8 35. Qxg4 Qh1 36. f6 Qh6 37. Qc8+ 1-0